Creation of Personal Career Path: Basis for the Development of Educational Products of Further Education

Typy kariérnych dráh a rozmanitosť vzdelávacíh potrieb. Typy kariérneho postupu a kariérne preferencie. Výskum zameraný na vplyv rodiny na výber formálneho vzdelávania a kariérny rozvoj.

Salvato in:
Dettagli Bibliografici
Autore principale: Matulčíková, Marta, 1964-
Altri autori: Breveníková, Daniela
Natura: Capitolo di libro
Lingua:inglese
Soggetti:
Tags: Aggiungi Tag
Nessun Tag, puoi essere il primo ad aggiungerne!!

MARC

LEADER 00000naa$a2200000$$$4500
001 0270448
005 20240502083813.7
041 0 |a eng 
044 |a FR 
245 1 0 |a Creation of Personal Career Path: Basis for the Development of Educational Products of Further Education 
520 |a Typy kariérnych dráh a rozmanitosť vzdelávacíh potrieb. Typy kariérneho postupu a kariérne preferencie. Výskum zameraný na vplyv rodiny na výber formálneho vzdelávania a kariérny rozvoj. 
610 2 0 |a vzdelávanie ďalšie 
610 2 0 |a postupy pracovné 
610 2 0 |a vzdelanie 
610 2 0 |a kariéra 
100 1 |a Matulčíková, Marta, 1964- 
700 1 |a Breveníková, Daniela